Guess the Celebrity by Picture - Letter K - Statistics

General Stats
  • This quiz has been taken 405 times
    356 since last reset
  • The average score is 11 of 16
Answer Stats
Picture Answer % Correct
Kanye West
90%
Kamala Harris
87%
Katy Perry
87%
Keanu Reeves
84%
Kobe Bryant
84%
Kevin Hart
79%
Kendall Jenner
76%
Kurt Cobain
70%
Kylian Mbappé
63%
Kristen Stewart
62%
Kendrick Lamar
60%
Kate Winslet
57%
Kelly Clarkson
57%
Kesha
57%
Keira Knightley
55%
Kristen Bell
45%
No matching quizzes found
Score Distribution
Percent of People with Each Score
Percentile by Number Answered
Your Score History
You have not taken this quiz since the last reset